| 000 | 00571nam a2200241Ia 4500 | ||
|---|---|---|---|
| 003 | 0100 | ||
| 008 | 130303s9999 xx 000 0 und d | ||
| 020 | _a0823219496 | ||
| 040 | _cARRUPELIB | ||
| 050 | _aB2430.L484W97 2000 | ||
| 100 | _aWyschogrod, Edith | ||
| 245 | _aEmmanuel, Levinas | ||
| 245 | _bthe problem of ethical metaphysics | ||
| 250 | _a2nd ed. | ||
| 260 | _aNew York | ||
| 260 | _bFordham University Press | ||
| 260 | _C2000 | ||
| 300 | _axxxiv | ||
| 300 | _b 260p. 23cm. | ||
| 650 | _aPHILOSOPHY | ||
| 650 | _bRahner, Karl | ||
| 942 | 0 | 0 | _09 |
| 999 |
_c10065 _d10065 |
||